<?xml version="1.0" encoding="UTF-8"?>
<record
    xmlns:xsi="http://www.w3.org/2001/XMLSchema-instance"
    xsi:schemaLocation="http://www.loc.gov/MARC21/slim http://www.loc.gov/standards/marcxml/schema/MARC21slim.xsd"
    xmlns="http://www.loc.gov/MARC21/slim">

  <leader>00355nam a22001577a 4500</leader>
  <controlfield tag="003">SGT</controlfield>
  <datafield tag="020" ind1=" " ind2=" ">
    <subfield code="a">978-81259-3128-7</subfield>
  </datafield>
  <datafield tag="082" ind1=" " ind2=" ">
    <subfield code="a">615.19</subfield>
    <subfield code="b">A17V</subfield>
  </datafield>
  <datafield tag="100" ind1=" " ind2=" ">
    <subfield code="a">VISHNOI,N.K</subfield>
  </datafield>
  <datafield tag="245" ind1=" " ind2=" ">
    <subfield code="a">ADVANCED PRACTICAL ORGANIC CHEMISTRY</subfield>
  </datafield>
  <datafield tag="250" ind1=" " ind2=" ">
    <subfield code="a">3RD. ED</subfield>
  </datafield>
  <datafield tag="260" ind1=" " ind2=" ">
    <subfield code="a">NEW DELHI</subfield>
    <subfield code="b">VIKASH PUB.</subfield>
    <subfield code="c">2017</subfield>
  </datafield>
  <datafield tag="300" ind1=" " ind2=" ">
    <subfield code="a">536</subfield>
  </datafield>
  <datafield tag="650" ind1=" " ind2=" ">
    <subfield code="a">PHARMACY</subfield>
  </datafield>
  <datafield tag="942" ind1=" " ind2=" ">
    <subfield code="2">ddc</subfield>
    <subfield code="c">BK</subfield>
    <subfield code="0">1</subfield>
  </datafield>
  <datafield tag="952" ind1=" " ind2=" ">
    <subfield code="0">0</subfield>
    <subfield code="1">0</subfield>
    <subfield code="2">ddc</subfield>
    <subfield code="4">0</subfield>
    <subfield code="5">1</subfield>
    <subfield code="7">0</subfield>
    <subfield code="8">FP</subfield>
    <subfield code="a">APL</subfield>
    <subfield code="b">APL</subfield>
    <subfield code="c">REF</subfield>
    <subfield code="d">2018-05-28</subfield>
    <subfield code="e">AHUJA PUBLISHER</subfield>
    <subfield code="g">450.00</subfield>
    <subfield code="i">SGTU</subfield>
    <subfield code="o">615.19 A17V</subfield>
    <subfield code="p">FP2847</subfield>
    <subfield code="r">2018-05-28 00:00:00</subfield>
    <subfield code="w">2018-05-15</subfield>
    <subfield code="y">BK</subfield>
    <subfield code="k">9734</subfield>
  </datafield>
  <datafield tag="952" ind1=" " ind2=" ">
    <subfield code="0">0</subfield>
    <subfield code="1">0</subfield>
    <subfield code="2">ddc</subfield>
    <subfield code="4">0</subfield>
    <subfield code="7">0</subfield>
    <subfield code="8">FP</subfield>
    <subfield code="a">APL</subfield>
    <subfield code="b">APL</subfield>
    <subfield code="c">TXT</subfield>
    <subfield code="d">2018-05-28</subfield>
    <subfield code="e">AHUJA PUBLISHER</subfield>
    <subfield code="g">450.00</subfield>
    <subfield code="i">SGTU</subfield>
    <subfield code="l">1</subfield>
    <subfield code="o">615.19 A17V</subfield>
    <subfield code="p">FP2848</subfield>
    <subfield code="r">2022-05-11 00:00:00</subfield>
    <subfield code="s">2022-03-16</subfield>
    <subfield code="w">2018-05-15</subfield>
    <subfield code="y">BK</subfield>
    <subfield code="k">9734</subfield>
  </datafield>
  <datafield tag="952" ind1=" " ind2=" ">
    <subfield code="0">0</subfield>
    <subfield code="1">0</subfield>
    <subfield code="2">ddc</subfield>
    <subfield code="4">0</subfield>
    <subfield code="7">0</subfield>
    <subfield code="8">FP</subfield>
    <subfield code="a">APL</subfield>
    <subfield code="b">APL</subfield>
    <subfield code="c">TXT</subfield>
    <subfield code="d">2018-05-28</subfield>
    <subfield code="e">AHUJA PUBLISHER</subfield>
    <subfield code="g">450.00</subfield>
    <subfield code="i">SGTU</subfield>
    <subfield code="l">1</subfield>
    <subfield code="o">615.19 A17V</subfield>
    <subfield code="p">FP2849</subfield>
    <subfield code="r">2021-01-04 00:00:00</subfield>
    <subfield code="s">2020-03-13</subfield>
    <subfield code="w">2018-05-15</subfield>
    <subfield code="y">BK</subfield>
    <subfield code="k">9734</subfield>
  </datafield>
  <datafield tag="952" ind1=" " ind2=" ">
    <subfield code="0">0</subfield>
    <subfield code="1">0</subfield>
    <subfield code="2">ddc</subfield>
    <subfield code="4">0</subfield>
    <subfield code="7">0</subfield>
    <subfield code="8">FP</subfield>
    <subfield code="a">APL</subfield>
    <subfield code="b">APL</subfield>
    <subfield code="c">TXT</subfield>
    <subfield code="d">2018-05-28</subfield>
    <subfield code="e">AHUJA PUBLISHER</subfield>
    <subfield code="g">450.00</subfield>
    <subfield code="i">SGTU</subfield>
    <subfield code="l">3</subfield>
    <subfield code="o">615.19 A17V</subfield>
    <subfield code="p">FP2850</subfield>
    <subfield code="r">2025-04-18 00:00:00</subfield>
    <subfield code="s">2025-04-18</subfield>
    <subfield code="w">2018-05-15</subfield>
    <subfield code="y">BK</subfield>
    <subfield code="k">9734</subfield>
  </datafield>
  <datafield tag="999" ind1=" " ind2=" ">
    <subfield code="c">15524</subfield>
    <subfield code="d">15524</subfield>
  </datafield>
</record>
